书目信息 |
| 题名: |
创意景园
|
|
| 作者: | 吴劲章 主编 ;王斌 摄影 | |
| 分册: | ||
| 出版信息: | 乌鲁木齐 新疆科技卫生出版社 2003 |
|
| 页数: | 231页 | |
| 开本: | 29cm | |
| 丛书名: | ||
| 单 册: | ||
| 中图分类: | TU986.61-64 | |
| 科图分类: | ||
| 主题词: | 园林艺术--世界--摄影集 | |
| 电子资源: | ||
| ISBN: | 7-5372-3242-3 | |
| 000 | 00953nam0 2200241 450 | |
| 001 | 1548774177 | |
| 005 | 20150118133310.43 | |
| 010 | @a7-5372-3242-3@b精装@dCNY128.00 | |
| 100 | @a20030723d2003 em y0chiy50 ea | |
| 101 | 0 | @achi |
| 102 | @aCN@b650000 | |
| 105 | @aa z 000yy | |
| 200 | 1 | @a创意景园@9chuang yi jing yuan@f吴劲章主编@g吴劲章,王斌摄影 |
| 210 | @a乌鲁木齐@c新疆科技卫生出版社@d2003 | |
| 215 | @a231页@c照片@d29cm | |
| 330 | @a本书是由日本、意大利、韩国、香港、广州、中山、顺德等国内外多个大型园林花卉博览会的资料编篡而成,这些不同地域、不同主题、风格各异的博览会,大小规模不尽相同,表现角度和手法层出不穷,却都表达了园林文化和园林艺术的博大精深。 | |
| 510 | 1 | @aCreative Horticultural Exhibition@zeng |
| 606 | 0 | @a园林艺术@y世界@j摄影集 |
| 690 | @aTU986.61-64@v5 | |
| 701 | 0 | @a吴劲章@9wu jin zhang@f(1941.8~)@4主编 |
| 702 | 0 | @a王斌@9wang bin@c(摄影)@4摄影 |
| 801 | 0 | @aCN@bTSSF@c20150118 |
| 905 | @aZUCC@dTU986.61-64@eJY44 | |
| 创意景园/吴劲章主编/吴劲章,王斌摄影.-乌鲁木齐:新疆科技卫生出版社,2003 |
| 231页:照片;29cm |
| ISBN 7-5372-3242-3(精装):CNY128.00 |
| 本书是由日本、意大利、韩国、香港、广州、中山、顺德等国内外多个大型园林花卉博览会的资料编篡而成,这些不同地域、不同主题、风格各异的博览会,大小规模不尽相同,表现角度和手法层出不穷,却都表达了园林文化和园林艺术的博大精深。 |
| ● |
| 相关链接 |
|
|
|
|
正题名:创意景园
索取号:TU986.61-64/JY44
 
预约/预借
| 序号 | 登录号 | 条形码 | 馆藏地/架位号 | 状态 | 备注 |
| 1 | 7849179 | 278491794 | 学院路分馆/ [索取号:TU986.61-64/JY44] | 在馆 |